01158nas a2200313 4500001001300000003000900013005001700022007000300039008003400042040005400076041000900130072000800139100002200147100001800169100002000187245011500207650001200322650001700334650001000351650002400361650001600385650002100401773012300422856006700545909004000612942001800652999001900670952015500689BR2016001727BR-BrBNA20231205130310.0ta230509b bl.|||p| |||| 00| 00por d aBR-BrBNAbporcBiblioteca Nacional de Agricultura a(En) aL721 aAmorim, M.G.R. de1 aAzevedo, S.S.1 aRiet-Correa, F.1 aSeasonal prevalence and mean intensity of Psoroptes ovis infestation in goats in the Brazilian semiarid region aCAPRINO aSARNA ANIMAL aACARO aANALISE COMPARATIVA aPARASITISMO aVARIACAO SAZONAL0 tBrazilian Journal of Veterinary Parasitology (Brazil)xISSN 1984-2961g(Jan-Mar 2015), v. 24(1) p. 59-65wBR201600172740uhttp://www.scielo.br/pdf/rbpv/v24n1/1984-2961-rbpv-24-1-59.pdf a202311bLúciac55dLúcia Elande 2AGRISn0cANA c248722d248722 002AGRIS4071a41918b41918cPeriódicos Agrícolash(Jan-Mar 2015), v. 24(1) p. 59-65l0r2023-11-29t01yCRePortaria Interministerial nº 164/94